000 00875nam a22002897a 4500
001 002145091
003 DO-SdBNP
005 20180219153345.0
007 002145091
008 161205b 1989 enk a ||||| |||| 00| 0 spa d
020 _a0746040679
020 _a 0746038658
040 _aBPMSU
_bspa
_cBPMSU
082 _axxxx
_bxxxx
100 1 _aWatt, Fiona
240 1 _aBaby's toys.
245 1 0 _aCuántos juguetes! /
_cFiona Watt ; ilustraciones, Rachel Wells ; traducción, Helena Aixendri Boneu.
260 _aLondres :
_bUsborne,
_c2000.
300 _a16 unnumbered pages :
_bil. ;
_c21 cm.
490 1 _aMundo del pequeñín.
700 1 2 _aWells, Rachel
_eil.
700 1 2 _aBoneu, Helena Aixendri,
_etr.
830 0 _aMundo del pequeñín.
942 _2ddc
_cBK
945 _aInventariado, 2018 / BT
956 _2LOPEREZ
_310
_620161205
_8BPMSU
_a00041
999 _c12267
_d12267